Príjmová diferenciácia a ekonomická úroveň - v globálnom pohľade
Problematika výhodnosti vyššej alebo nižšej miery príjmových nerovností. Vzťah medzi ekonomickou úrovňou a príjmovými nerovnosťami.
Salvato in:
| Autore principale: | |
|---|---|
| Altri autori: | |
| Natura: | Capitolo di libro |
| Lingua: | slovacco |
| Soggetti: | |
| Tags: |
Nessun Tag, puoi essere il primo ad aggiungerne!!
|
MARC
| LEADER | 00000nla a2200000 4500 | ||
|---|---|---|---|
| 001 | 0238167 | ||
| 005 | 20240502073842.3 | ||
| 041 | 0 | |a slo | |
| 044 | |a SK | ||
| 245 | 1 | 0 | |a Príjmová diferenciácia a ekonomická úroveň - v globálnom pohľade |c Karol Morvay, Žaneta Turnerová |
| 520 | |a Problematika výhodnosti vyššej alebo nižšej miery príjmových nerovností. Vzťah medzi ekonomickou úrovňou a príjmovými nerovnosťami. | ||
| 610 | 2 | 0 | |a nerovnosť príjmová |
| 610 | 2 | 0 | |a produkt domáci hrubý |
| 610 | 2 | 0 | |a rast hospodársky |
| 610 | 2 | 0 | |a krajiny vyspelé |
| 610 | 2 | 0 | |a výkonnosť ekonomiky |
| 610 | 2 | 0 | |a úroveň rozvoja hospodárskeho |
| 100 | 1 | |a Morvay, Karol, 1973- | |
| 700 | 1 | |a Turnerová, Žaneta | |